000 00508nam a2200193Ia 4500
003 GCL
008 140319s9999 xx 000 0 eng d
020 _a2880464439
040 _aGCL /
_cGCL
082 0 4 _a770
_bB V
100 1 _aBUSSELLE, MICHAEL
245 1 0 _aVACATION & HOLIDAY PHOTOGRAPHY /
_cBUSSELLE, MICHAEL
260 _aسويسرا :
_bROTOVISION SA ،
_c2000
300 _a20 CM ؛
_c128 P
650 0 4 _aPHOTOGRAPHY
650 0 4 _aHOLIDAY
650 0 4 _aVACATION PHOTOGRAPHY
942 _2ddc
_cBK
999 _c6635
_d6635